<?xml version="1.0" encoding="UTF-8"?>
<marc:record xmlns:marc="http://www.loc.gov/MARC21/slim">
   <marc:leader>00000nam a2200000 a 4500</marc:leader>
   <marc:datafield ind1=" " ind2=" " tag="653">
      <marc:subfield code="a">Schöpfung</marc:subfield>
   </marc:datafield>
   <marc:datafield ind1=" " ind2=" " tag="653">
      <marc:subfield code="a">Religionsunterricht</marc:subfield>
   </marc:datafield>
   <marc:datafield ind1=" " ind2=" " tag="653">
      <marc:subfield code="a">Rätsel</marc:subfield>
   </marc:datafield>
   <marc:datafield ind1=" " ind2=" " tag="653">
      <marc:subfield code="a">Grundschule</marc:subfield>
   </marc:datafield>
   <marc:datafield ind1=" " ind2=" " tag="653">
      <marc:subfield code="a">Arbeitsblatt</marc:subfield>
   </marc:datafield>
   <marc:datafield ind1=" " ind2=" " tag="653">
      <marc:subfield code="a">Schöpfungsbericht</marc:subfield>
   </marc:datafield>
   <marc:datafield ind1=" " ind2=" " tag="653">
      <marc:subfield code="a">Genesis</marc:subfield>
   </marc:datafield>
   <marc:datafield ind1="0" ind2="0" tag="245">
      <marc:subfield code="a">Die Schöpfungsgeschichte</marc:subfield>
   </marc:datafield>
   <marc:datafield ind1="0" ind2="0" tag="245">
      <marc:subfield code="b">Grundschule ; ein Schöpfungsbüchlein herstellen, basteln und anmalen, Rätsel lösen, mit Lösungen</marc:subfield>
   </marc:datafield>
   <marc:datafield ind1=" " ind2="1" tag="264">
      <marc:subfield code="b">Kohl</marc:subfield>
      <marc:subfield code="c">2011</marc:subfield>
   </marc:datafield>
   <marc:datafield ind1="1" ind2=" " tag="520">
      <marc:subfield code="a">Dieses Werkstattbuch beinhaltet die Schöpfungsgeschichte (Gen 1,1 bis 2,4a) mit liebevoll gestalteten Kopiervorlagen, die auf jeden einzelnen Schöpfungstag eingehen. Jedem einzelnen Bibeltextabschnitt folgen entsprechende Kopiervorlagen. Daher ist das Arbeitsmaterial sowohl einzeln einsetzbar als auch zu einem Schöpfungsbüchlein zusammenzufügen. Mit originellen Illustrationen von Martin Widmaier. Zum Inhalt: Der Anfang; Girlanden; Gitterrätsel; Der erste Schöpfungstag; Tag und Nacht; Silbenrätsel; Der zweite Schöpfungstag; Kreuzworträtsel; Der dritte Schöpfungstag; Blumen; Teste dein Wissen; Der vierte Schöpfungstag; Die Jahreszeiten; Der fünfte Schöpfungstag; Teste dein Wissen; Sachwissen; Der sechste Schöpfungstag; Die restlichen Tiere; Ein Tierrätsel; Der siebte Schöpfungstag; Die Erschaffung der Welt (Angaben aus der Verlagsmeldung)  Die Arbeitsblätter lassen sich am Ende zu einem kleinen Schöpfungsbüchlein zusammenfügen!  Mit Lösungen zur Selbstkontrolle!  28 Kopiervorlagen</marc:subfield>
   </marc:datafield>
   <marc:datafield ind1="3" ind2=" " tag="024">
      <marc:subfield code="a">9783866326941</marc:subfield>
   </marc:datafield>
</marc:record>
